All cities of Georgia - Statistics

General Stats
  • This quiz has been taken 35 times
  • The average score is 10 of 55
Answer Stats
Region City % Correct
Adjara Batumi
100%
Capital Tbilisi
100%
Imereti Kutaisi
86%
Shida Kartli Gori
68%
Samegrelo-Zemo Svaneti Poti
68%
Kakheti Telavi
50%
Kvemo Kartli Rustavi
45%
Samegrelo-Zemo Svaneti Zugdidi
45%
Mtskheta-Mtianeti Mtskheta
41%
Imereti Zestaponi
32%
Guria Ozurgeti
27%
Samtskhe–Javakheti Akhalkalaki
23%
Samtskhe–Javakheti Borjomi
23%
Shida Kartli Khashuri
18%
Samegrelo-Zemo Svaneti Abasha
14%
Kvemo Kartli Bolnisi
14%
Guria Lanchkhuti
14%
Kakheti Sagarejo
14%
Imereti Samtredia
14%
Samegrelo-Zemo Svaneti Senaki
14%
Kakheti Signagi
14%
Racha-Lechkhumi and Kvemo Svaneti Ambrolauri
9%
Samegrelo-Zemo Svaneti Khobi
9%
Kakheti Lagodekhi
9%
Kvemo Kartli Marneuli
9%
Samegrelo-Zemo Svaneti Martvili
9%
Racha-Lechkhumi and Kvemo Svaneti Oni
9%
Imereti Terjola
9%
Samegrelo-Zemo Svaneti Tsalenjikha
9%
Kobuleti Adjara
5%
Kakheti Akhmeta
5%
Imereti Baghdati
5%
Imereti Chiatura
5%
Kvemo Kartli Dmanisi
5%
Mtskheta-Mtianeti Dusheti
5%
Kakheti Gurjaani
5%
Shida Kartli Kaspi
5%
Imereti Khoni
5%
Samtskhe–Javakheti Ninotsminda
5%
Imereti Sachkhere
5%
Akhaltsikhe Samtskhe–Javakheti
5%
Imereti Tkibuli
5%
Racha-Lechkhumi and Kvemo Svaneti Tsageri
5%
Imereti Tsqaltubo
5%
Imereti Vani
5%
Samegrelo-Zemo Svaneti Chkhorotsqu
0%
Kakheti Dedoplistsqaro
0%
Kvemo Kartli Gardabani
0%
Samegrelo-Zemo Svaneti Jvari
0%
Shida Kartli Kareli
0%
Kakheti Kvareli
0%
Kvemo Kartli Tetritsqaro
0%
Kvemo Kartli Tsalka
0%
Kakheti Tsnori
0%
Samtskhe–Javakheti Vale
0%
No matching quizzes found
Score Distribution
Percent of People with Each Score
Percentile by Number Answered
Your Score History
You have not taken this quiz